Countries ending in L - Statistics

General Stats
  • This quiz has been taken 36 times
  • The average score is 4 of 5
Answer Stats
Answer % Correct
Senegal
93%
Portugal
80%
Israel
77%
Nepal
77%
Brazil
50%
No matching quizzes found
Score Distribution
Percent of People with Each Score
Percentile by Number Answered
Your Score History
You have not taken this quiz